00496nam a2200145Ia 4500008004100000100001700041245008100058245006100139260003000200260000900230300000900239650001800248650001500266856006900281170221s9999 xx 000 0 und d aFangwei Wang 2aA Worm Defending Model with Partial Immunization and Its Stability Analysis  cFangwei Wang, Yong Yang, Dongmei Zhao, and Yunkai Zhang. bJournal of Communications c2013 a12 : xCommunication xMedia Arts uhttp://www.jocm.us/index.php?m=content&c=index&a=lists&catid=145